Legislative hearing on S. 2800, America's Water Infrastructure Act of 2018 : hearing before the Committee on Environment and Public Works, United States Senate, One Hundred Fifteenth Congress, second session, May 9, 2018.

Bibliographic Details
Corporate Author: United States. Congress. Senate. Committee on Environment and Public Works (Author)
Format: Government Document eBook
Language:English
Published: Washington : U.S. Government Publishing Office, 2018.
Series:S. hrg. ; 115-304
Subjects:
Online Access:https://purl.fdlp.gov/GPO/gpo108414
http://purl.fdlp.gov/GPO/gpo108414

MARC

Tag First Indicator Second Indicator Subfields
LEADER 00000cam a2200000 i 4500
001 in00004008563
005 20210514091621.0
006 m o d f
007 cr b|||||a||||
008 180906s2018 dcuc o f000 0 eng c
035 |a (OCoLC)on1050870705 
042 |a pcc 
043 |a n-us--- 
040 |a GPO  |b eng  |e rda  |e pn  |c GPO  |d GPO  |d OCLCF  |d MERUC  |d ZCY  |d GPO  |d MvI 
049 |a WWW 
050 4 |a KF26  |b .E6 2018f 
074 |a 1045-C (online) 
086 0 |a Y 4.P 96/10:S.HRG.115-304 
110 1 |a United States.  |b Congress.  |b Senate.  |b Committee on Environment and Public Works,  |e author. 
245 1 0 |a Legislative hearing on S. 2800, America's Water Infrastructure Act of 2018 :  |b hearing before the Committee on Environment and Public Works, United States Senate, One Hundred Fifteenth Congress, second session, May 9, 2018. 
246 3 0 |a S. 2800, America's Water Infrastructure Act of 2018 
246 3 0 |a America's Water Infrastructure Act of 2018 
264 1 |a Washington :  |b U.S. Government Publishing Office,  |c 2018. 
300 |a 1 online resource (iii, 107 pages) :  |b portraits. 
336 |a text  |b txt  |2 rdacontent 
337 |a computer  |b c  |2 rdamedia 
338 |a online resource  |b cr  |2 rdacarrier 
490 1 |a S. hrg. ;  |v 115-304 
588 |a Description based on online resource; title from PDF title screen (govinfo web site, viewed on Sept. 6, 2018). 
650 0 |a Water resources development  |x Law and legislation  |z United States. 
650 0 |a Waterworks  |x Law and legislation  |z United States. 
650 0 |a Water quality management  |x Law and legislation  |z United States. 
650 0 |a Water-supply  |z United States  |x Management. 
650 0 |a Flood control  |z United States. 
650 0 |a Infrastructure (Economics)  |z United States  |x Finance. 
650 7 |a Flood control.  |2 fast  |0 (OCoLC)fst00927443 
650 7 |a Infrastructure (Economics)  |x Finance.  |2 fast  |0 (OCoLC)fst00973283 
650 7 |a Water quality management  |x Law and legislation.  |2 fast  |0 (OCoLC)fst01171923 
650 7 |a Water resources development  |x Law and legislation.  |2 fast  |0 (OCoLC)fst01171999 
650 7 |a Water-supply  |x Management.  |2 fast  |0 (OCoLC)fst01172390 
650 7 |a Waterworks  |x Law and legislation.  |2 fast  |0 (OCoLC)fst01172826 
651 7 |a United States.  |2 fast  |0 (OCoLC)fst01204155 
655 7 |a Legislative hearings.  |2 fast  |0 (OCoLC)fst01910825 
655 7 |a Legislative hearings.  |2 lcgft 
776 0 8 |i Microfiche version:  |a United States. Congress. Senate. Committee on Environment and Public Works.  |t Legislative hearing on S. 2800, America's Water Infrastructure Act of 2018  |w (OCoLC)1084978564 
776 0 8 |i Print version:  |a United States. Congress. Senate. Committee on Environment and Public Works.  |t Legislative hearing on S. 2800, America's Water Infrastructure Act of 2018  |w (OCoLC)1051190627 
810 1 |a United States.  |b Congress.  |b Senate.  |t S. hrg. ;  |v 115-304. 
856 4 0 |u https://purl.fdlp.gov/GPO/gpo108414  |t 0 
856 4 0 |u http://purl.fdlp.gov/GPO/gpo108414  |t 0 
999 f f |s 3dcf96cb-c2c5-35c2-8c20-c702b72d200d  |i ee577a6f-d611-3407-bc28-0533258e862d  |t 0 
952 f f |a Texas A&M University  |b College Station  |c Electronic Resources  |d Available Online  |t 0  |e Y 4.P 96/10:S.HRG.115-304  |h Superintendent of Documents classification 
998 f f |a Y 4.P 96/10:S.HRG.115-304  |t 0  |l Available Online